000 00479nam a2200145Ia 4500
008 090122s9999 xx 000 0 und d
082 _b9087
_a891.433
100 _aसिन्हा
_bसुरेश
245 _a11 श्रेष्ठ कहानियाँ
600 _aसिन्हा
630 _a11 श्रेष्ठ कहानियाँ
700 _aसिन्हा
730 _a11 श्रेष्ठ कहानियाँ
942 _cBOOK
999 _c33164
_d33164